| 000 | 03468cgm a2200697Ia 4500 | ||
|---|---|---|---|
| 001 | ocm46267183 | ||
| 003 | OCoLC | ||
| 005 | 20241220123203.0 | ||
| 008 | 010222s2000 cau104 g vleng d | ||
| 007 | vd cvaizs | ||
| 040 |
_aUIU _cUIU _dOCL _dEMU _dOCLCQ _dBKL _dLEO _dBTCTA _dOCLCQ _dOCLCG _dUINTA |
||
| 019 | _a45413920 | ||
| 024 | 1 | _a2454300640 | |
| 028 | 4 | 2 |
_a2000640 _b20th Century Fox Home Entertainment, Inc. |
| 035 |
_a(OCoLC)46267183 _z(OCoLC)45413920 |
||
| 082 | 0 | 4 |
_a791.43615 _bX6 _221 |
| 049 | _aUCLB | ||
| 092 | _a791.437 | ||
| 245 | 0 | 0 |
_aX-Men _h[videorecording] / _cTwentieth Century Fox presents in association with Marvel Entertainment Group ; directed by Bryan Singer ; screenplay by David Hayter ; story by Tom DeSanto & Bryan Singer ; produced by Lauren Shuler Donner, Ralph Winter ; The Donners' Company/Bad Hat Harry production ; a Bryan Singer film. |
| 260 |
_aBeverly Hills, CA : _bTwentieth Century Fox Home Entertainment, _c2000. |
||
| 300 |
_a1 videodisc (ca. 104 min.) : _bsd., col. ; _c4 3/4 in. |
||
| 538 | _aDVD. | ||
| 546 | _aEnglish (5.1 surround or Dolby surround) and French (Dolby surround) language soundtracks, with optional subtitles in Spanish ; closed-captioned in English for the hearing impaired. | ||
| 511 | 1 | _aPatrick Stewart, Hugh Jackman, Ian McKellen, Halle Berry, Famke Janssen, James Marsden, Bruce Davison, Rebecca Romijn-Stamos, Ray Park and Anna Paquin. | |
| 508 | _aMusic by Michael Kamen ; director of photography, Newton Thomas Sigel ; editors, Steven Rosenblum, Kevin Stitt, John Wright. | ||
| 500 | _aWidescreen format (aspect ratio 2.35:1). | ||
| 500 | _aBased on the comic book series of the same name. | ||
| 500 | _aOriginally produced as a motion picture. | ||
| 500 | _a"Includes 10 min. of never-before-seen footage."--Container. | ||
| 500 | _aSpecial features include: Interviews with Bryan Singer ; Hugh Jackman screen test ; still gallery ; animatics ; trailers ; etc. | ||
| 520 | _aA war is brewing between those with special powers ("mutants") and the rest of humanity -- and the only ones who can save the humans from certain destruction are a special group of mutants- the "X-Men." | ||
| 521 | 8 | _aMPAA rating: PG-13. | |
| 630 | 0 | 0 |
_aX-men (Comic strip) _vFilm and video adaptations. _96191889 |
| 650 | 0 |
_aX-Men (Fictitious characters) _vDrama. _95674284 |
|
| 650 | 0 |
_aScience fiction films. _96191890 |
|
| 650 | 0 |
_aFeature films. _96191891 |
|
| 650 | 0 |
_aFilms for the hearing impaired. _982528 |
|
| 700 | 1 |
_aSinger, Bryan. _963758 |
|
| 700 | 1 |
_aShuler-Donner, Lauren. _965345 |
|
| 700 | 1 |
_aWinter, Ralph, _d1952- _937936 |
|
| 700 | 1 |
_aDeSanto, Tom. _956588 |
|
| 700 | 1 |
_aHayter, David. _957631 |
|
| 700 | 1 |
_aStewart, Patrick, _d1940- _920637 |
|
| 700 | 1 |
_aJackman, Hugh. _949889 |
|
| 700 | 1 |
_aMcKellen, Ian. _921070 |
|
| 700 | 1 |
_aBerry, Halle. _96191892 |
|
| 700 | 1 |
_aJanssen, Famke, _d1964- _958327 |
|
| 700 | 1 |
_aMarsden, James, _d1973- _965636 |
|
| 700 | 1 |
_aDavison, Bruce, _d1946- _962064 |
|
| 700 | 1 |
_aRomijn, Rebecca, _d1972- _959336 |
|
| 700 | 1 |
_aPark, Ray, _d1974- _96191893 |
|
| 700 | 1 |
_aPaquin, Anna. _964060 |
|
| 710 | 2 |
_aTwentieth Century-Fox Film Corporation. _95758 |
|
| 710 | 2 |
_aMarvel Entertainment Group. _932039 |
|
| 710 | 2 |
_aTwentieth Century Fox Home Entertainment, Inc. _961951 |
|
| 730 | 0 | 2 |
_aX-men (Comic strip) _925530 |
| 938 |
_aBaker and Taylor _bBTCP _nbe2003005355 |
||
| 942 |
_cDVD _0198 |
||
| 994 |
_aC0 _bUINTA |
||
| 998 | _aa123820 | ||
| 999 |
_c60823 _d60823 |
||